00950pam a2200277 ia4500001001400000003000400014005001700018008004100035015001400076020002300090020003800113040002900151082001200180100004500192245006600237264006200303300006700365336002100432337002500453338002300478490003300501650003600534650003300570650003600603830003300639vtls000866140PNM20210120111834.0181122s2019 my ao j 000 0 may  aM19-06688 a9789672254119qset a9789672254164qpaperbackcRM36.12 aBNMbengcBNMerdadPPAK04a6122230 aSafiatul Atiqah Razalli,d1989-eauthor.10aSerba-serbi Tentang Perut dan Usus /cSafiatul Atiqah Razalli 1aPetaling Jaya, Selangor :bPENERBIT PRISMA SDN BHD,c2019 a46 pages :bcolour illustrations, colour photographs ;c25 cm. atext2rdacontent aunmediated2rdamedia avolume2rdacarrier1 aUNIKNYA ORGAN DAN TUBUH KITA10aHuman bodyvJuvenile literature20aStomachvJuvenile literature20aIntestinesvJuvenile literature 0aUniknya organ dan tubuh kita